| 000 -ლიდერი |
| ფიქსირებული სიგრძის საკონტროლო ველი |
02279nam a2200349Ia 4500 |
| 001 - საკონტროლო ნომერი |
| საკონტროლო ველი |
22145 |
| 003 - საკონტროლო ნომრის იდენტიფიკატორი |
| საკონტროლო ველი |
GE_BSU |
| 005 - ბოლო ოპერაციის თარიღი და დრო |
| საკონტროლო ველი |
20221205170216.0 |
| 008 - ფიქსირებული სიგრძის მონაცემთა ელემენტები - ზოგადი ინფორმაცია |
| ფიქსირებული სიგრძის საკონტროლო ველი |
181216s2012||||ge |||||||||||||| ||geo|| |
| 020 ## - წიგნის საერთაშორისო სტანდარტული ნომერი |
| International Standard Book Number |
9789941927010 |
| 040 ## - კატალოგიზაციის წყარო |
| Transcribing agency |
GE_BSU |
| 041 ## - ენის კოდი |
| Language code of text/sound track or separate title |
geo |
| 080 ## - უნივერსალური ათობითი კლასიფიკაციის ინდექსი |
| Universal Decimal Classification number |
94(3-11) ა-30 |
| 100 ## - მთავარი ჩანაწერი - პიროვნების სახელი |
| Personal name |
ავალიანი, ეკა |
| 9 (RLIN) |
16340 |
| 245 ## - ცნობა სათაურის შესახებ |
| Title |
ძველი მახლობელი აღმოსავლეთის ისტორია : |
| Remainder of title |
განვითარების ტრაექტორიები ძვ. წ. III ათასწლეულიდან III საუკუნემდე. წ. 1 / |
| Statement of responsibility, etc |
ეკა ავალიანი ; რედ. : ზურაბ კიკნაძე, ნინო ჩიქოვანი, მაია ღამბაშიძე. |
| 264 ## - წარმოების, გამოცემის, დისტრიბუციის და სხვა ცნობები |
| გამოცემის, წარმოების, დისტრიბუციის... ადგილი |
თბილისი : |
| გამოცემის, წარმოების, დისტრიბუციის... სახელწოდება |
არტლაინსის აკადემიური წიგნები, |
| გამოცემის, წარმოების, დისტრიბუციის... თარიღი |
2012. |
| 300 ## - ფიზიკური აღწერა |
| Extent |
200 გვ. |
| Other physical details |
ილ. ; |
| Dimensions |
24 სმ. |
| 490 ## - სერიის ცნობა |
| Series statement |
Studies of the society of assyriologists, biblicists and caucasiologists, 1987-6971 : |
| Volume number/sequential designation |
N 8 |
| 501 ## - შენიშვნა თანმხლებ მასალაზე |
| With note |
ილუსტრაციები გვ. : 185-197 |
| 504 ## - BIBLIOGRAPHY, ETC. NOTE |
| Bibliography, etc |
ბიბლიოგრაფია ტექსტის შენიშვნებში და გვ. : 174-183 |
| 520 ## - SUMMARY, ETC. |
| Summary, etc |
რეზიუმე ინგლისურ ენაზე |
| 546 ## - LANGUAGE NOTE |
| Language note |
ყდა ქართულ და ინგლისურ ენებზე |
| 653 ## - INDEX TERM--UNCONTROLLED |
| Uncontrolled term |
ისტორია |
| 653 ## - INDEX TERM--UNCONTROLLED |
| Uncontrolled term |
ძველი მახლობელი აღმოსავლეთის ისტორია |
| 653 ## - INDEX TERM--UNCONTROLLED |
| Uncontrolled term |
განვითარების ტრაექტორიები ძვ. წ. III ათასწლეულიდან III საუკუნემდე წ. 1 |
| 653 ## - INDEX TERM--UNCONTROLLED |
| Uncontrolled term |
ძველი მახლობელი აღმოსავლეთის ისტორია |
| 700 ## - ADDED ENTRY--PERSONAL NAME |
| Personal name |
კიკნაძე, ზურაბ |
| Relator term |
რედაქტორი |
| 9 (RLIN) |
4114 |
| 700 ## - ADDED ENTRY--PERSONAL NAME |
| Personal name |
ჩიქოვანი, ნინო |
| Relator term |
რედაქტორი |
| 9 (RLIN) |
2906 |
| 700 ## - ADDED ENTRY--PERSONAL NAME |
| Personal name |
ღამბაშიძე, მაია |
| Relator term |
რედაქტორი |
| 9 (RLIN) |
16341 |
| 942 ## - ADDED ENTRY ELEMENTS (KOHA) |
| Koha item type |
წიგნი |
| Source of classification or shelving scheme |
|